[Event "Nizhnij Novgorod Dubinin Memorial 19th"]
[Site "Nizhnij Novgorod"]
[Date "2012.01.??"]
[Round "5"]
[White "Zhiltsov, Alexey"]
[Black "Denisov, Albert"]
[Result "1-0"]
[WhiteElo "2115"]
[BlackElo "1707"]
[PlyCount "39"]
[EventDate "2012.01.??"]
[EventType "swiss"]
[EventRounds "9"]
[EventCountry "RUS"]
[SourceTitle "EXT 2015"]
[Source "ChessBase"]
[SourceDate "2014.11.20"]
[SourceVersion "1"]
[SourceVersionDate "2014.11.20"]
[SourceQuality "1"]

1. Nf3 d5 2. g3 c6 3. Bg2 Bg4 4. 0-0 Nf6 5. h3 Bh5 6. d3 Nbd7 7. Nbd2 e5 8. e4 Bd6 9. Re1 0-0 10. g4 Bg6 11. Nh4 Nb6 12. Nf1 Re8 13. Nf5 Bc5 14. Be3 Bxe3 15. N1xe3 d4 16. Nf1 c5 17. b3 Nc8 18. a4 Nd7 19. Nd2 Nf8 20. Nc4 1-0

[Event "Nizhnij Novgorod Dubinin Memorial 19th"]
[Site "Nizhnij Novgorod"]
[Date "2012.01.??"]
[Round "3"]
[White "Zhiltsov, Alexey"]
[Black "Mordovchenkov, Nikolay"]
[Result "1/2-1/2"]
[WhiteElo "2115"]
[BlackElo "1827"]
[PlyCount "40"]
[EventDate "2012.01.??"]
[EventType "swiss"]
[EventRounds "9"]
[EventCountry "RUS"]
[SourceTitle "EXT 2015"]
[Source "ChessBase"]
[SourceDate "2014.11.20"]
[SourceVersion "1"]
[SourceVersionDate "2014.11.20"]
[SourceQuality "1"]

1. e4 c5 2. Nf3 d6 3. d4 cxd4 4. Nxd4 Nf6 5. Nc3 a6 6. Be3 b5 7. f3 Bb7 8. Qd2 Nbd7 9. 0-0-0 Rc8 10. g4 h6 11. Rg1 d5 12. exd5 Nxd5 13. Nxd5 Bxd5 14. Qf2 e6 15. Kb1 Qa5 16. Nb3 Qc7 17. Bd3 Nc5 18. Nxc5 Bxc5 19. Bxc5 Qxc5 20. Qxc5 Rxc5 1/2-1/2